1132 1720 1292 1763 1277 1369 1660 1497 1393 1345 1451 1718 1395 1616 1440 1164 1424 1510 1772 1509 1054 1056 1211 1684 1598 1691 1416 1931 1933 1896 1194 1946 1946 1333 1729 1766 1721 1499 1376 1536 1212 1022 1636 1439 1500 1942 1395 1311 1343 1057 1487 1856 1645 1140 1538 1995 1903 1378 1970 1106 1151 1163 1935 1887 1119 1349 1768 1816 1560 1434 1631 1848 1446 1072 1041 1885 1226 1740 1523 1438 1571 1250 1994 1751 1021 1651 1613 1186 1724 1474 1438 1960 1408 1826 1325 1575 1051 1235 1891 BCNSPRNW ULIB Ver.6.0+V

เปลี่ยนเป็นภาษาไทย

Change to English
 แสดงรายละเอียดบรรณานุกรม
  กลับหน้าหลัก

Brief Record : Get Marc (ISO 2709) : E-mail record : QR code < ปิดหน้าต่าง
LEADER : 00000nam 2200000uu 4500
001    13399111320
003     ULIB
008    110622s2544||||th 000 0 tha d
020    9789749506523
060 04 WY32^bส772ก 2544
100 0  แสวง บุญเฉลิมวิภาส
245 10 กฎหมายและข้อควรระวังของแพทย์ พยาบาล /^cแสวง บุญเฉลิมวิภาส
246 34 กฎหมายและข้อควรระวังของผู้ประกอบวิชาชีพ แพทย์ พยาบาล
260    กรุงเทพฯ :^bวิญญูชน,^c2544
300    238 หน้า
504    บรรณานุกรม: หน้า 236-237
650  7 การแพทย์^xกฎหมายและระเบียบข้อบังคับ
650  7 กฎหมายทางการแพทย์
945    ^p145^l0^i10792
945    ^p145^l0^i10791
945    ^p145^l0^i10790
945    ^p145^l0^i10789
945    ^p145^l0^i10787
945    ^p145^l0^i10786
945    ^p145^l0^i10785
945    ^p145^l0^i10784
945    ^p145^l0^i10788
995     เกษร
999 ^a ใช้งานได้ทุกระบบ
รายการนี้ยังไม่มีแท็ก
คุณยังไม่ได้ล็อกอิน คุณสามารถมีกิจกรรมร่วมกับเว็บไซต์ได้ แต่ต้องล็อกอินก่อน ::
  ล็อกอิน

รายการสื่อสารสนเทศ

ลำดับที่ ประเภท เลขเรียก/บาร์โค้ด สถานที่ สถานะ
- ไม่พบข้อมูล -

รายการใกล้เคียง
    ผู้แต่ง [แสวง บุญเฉลิมวิภาส]

    หัวเรื่อง [กฎหมายทางการแพทย์]

BibComment


ยังไม่เคยถูกคอมเมนท์

คอมเมนท์ทรัพยากรรายการนี้
  คอมเมนท์: กฎหมายและข้อควรระ..


 Copyright 2026. Bcnsprnw @Library